000 00443nam a2200169Ia 4500
008 121123t1986 xxu||||| |||| 00| 0 sin d
041 _asin
080 _a8S-1
_bJAY
100 _aNihal .P.Jayathunga
245 _aසුරිඳු අබියස
246 _aSurindu Abiyasa
260 _bIndika Mudhdhranalaya
_aColombo 10
_c1986
300 _b80p., 22 cm
942 _cBK
999 _c77044
_d77044
003 LK-CoDNM
040 _aLK-CoDNM
_dLK-CoDNM
_eLK-CoDNM